POZORUHODNEJŠIE NÁLEZY MOTÝĽOV V REZERVÁCII DEVÍNSKA KOBYLA

Bibliographic Details
Main Author: Čaputa, Alojz, 1933-2009 (Author)
Format: Article
Language:Slovak

MARC

LEADER 00000nab a2200000uu 4500
001 vtls011451848
003 SK-MaSNL
005 20260303153828.0
008 230222|1968 xo |||||||||||||||||slo|
015 |a SNBRB 
035 |a (urnnbn)urn:nbn:sk:snk:ar-0077jr 
035 |a (uuid)1b5e0a35-76cd-49fb-9237-875cd7f96ff4 
035 |a urn:nbn:sk:snk-abcnpr 
040 |a SNKBUCL  |b slo  |c SNKBUCL  |e AACR2 
041 0 |a slo 
044 |a xo  |c SK 
100 1 |a Čaputa, Alojz,  |d 1933-2009  |4 aut  |9 37702 
245 1 0 |a POZORUHODNEJŠIE NÁLEZY MOTÝĽOV V REZERVÁCII DEVÍNSKA KOBYLA  |c Alojz Čaputa 
246 3 |a REMARKABLE DISCOVERIES OF BUTTERFLIES IN THE NATURE RESERVE DEVÍNSKA KOBYLA 
773 0 |t Zborník Slovenského národného múzea  |g Roč. 62, č. 14-1 (1968), s. 99-[107] 
954 |a odborná, vedecká literatúra pôvodná (slovenská)  |2 lita 
958 |a OND 
958 |a EUIPO 
958 |a article16 
999 |c 2030413  |d 2032343